[Event "SRB-chT2 West CS"]
[Site "Serbia"]
[Date "2016.10.07"]
[Round "8.6"]
[White "Baralic, Nebojsa"]
[Black "Bugarcic, Ivan"]
[Result "1-0"]
[WhiteElo "2241"]
[BlackElo "2177"]
[PlyCount "85"]
[EventDate "2016.09.04"]
[EventType "team-tourn"]
[EventRounds "11"]
[EventCountry "SRB"]
[SourceTitle "EXT 2018"]
[Source "ChessBase"]
[SourceDate "2017.10.13"]
[SourceVersion "1"]
[SourceVersionDate "2017.10.13"]
[SourceQuality "1"]

1. c4 g6 2. Nc3 Bg7 3. Nf3 d6 4. g3 Nf6 5. Bg2 0-0 6. 0-0 e5 7. d4 Qe7 8. Bg5 c6 9. Ne4 Bf5 10. dxe5 Bxe4 11. exf6 Bxf6 12. Bxf6 Qxf6 13. Qb3 Qe7 14. Rfd1 Na6 15. Qe3 Rfe8 16. Rd2 d5 17. cxd5 Bxd5 18. Qh6 f6 19. Rad1 Rad8 20. a3 Nc5 21. Nd4 Bxg2 22. Kxg2 Ne4 23. Rd3 c5 24. Nf3 Rxd3 25. exd3 Nd6 26. Qf4 g5 27. Qg4 Qe6 28. h3 Qf5 29. Qa4 Qd5 30. d4 c4 31. Qxa7 Ne4 32. g4 h5 33. Qa4 b5 34. Qc2 hxg4 35. hxg4 f5 36. Kg1 fxg4 37. Ne5 Rf8 38. Re1 Rf4 39. Ng6 Rxf2 40. Qxf2 Nxf2 41. Ne7+ Kf7 42. Nxd5 Nd3 43. Re2 1-0

[Event "SRB-chT 1st League"]
[Site "Kragujevac"]
[Date "2015.09.11"]
[Round "9.1"]
[White "Jovanovic, Sasa M"]
[Black "Baralic, Nebojsa"]
[Result "1/2-1/2"]
[WhiteElo "2251"]
[BlackElo "2244"]
[PlyCount "63"]
[EventDate "2015.09.05"]
[EventType "team-tourn"]
[EventRounds "11"]
[EventCountry "SRB"]
[SourceTitle "EXT 2016"]
[Source "ChessBase"]
[SourceDate "2015.10.08"]
[SourceVersion "1"]
[SourceVersionDate "2015.10.08"]
[SourceQuality "1"]
[WhiteTeam "Arandjelovac"]
[BlackTeam "Lucani Mladost"]
[WhiteTeamCountry "SRB"]
[BlackTeamCountry "SRB"]

1. Nf3 Nf6 2. g3 d5 3. Bg2 c6 4. b3 Bf5 5. Bb2 Nbd7 6. d3 e6 7. Nh4 Bg6 8. 0-0 e5 9. e4 Bc5 10. exd5 Nxd5 11. d4 exd4 12. Re1+ Ne7 13. Nxg6 hxg6 14. Bxd4 Bxd4 15. Qxd4 0-0 16. Qb4 Nd5 17. Bxd5 cxd5 18. Qxb7 Nc5 19. Qb4 Rc8 20. Nd2 Qf6 21. Rac1 Qb2 22. Rb1 Qxc2 23. Rbc1 Qxa2 24. Rxc5 Rxc5 25. Qxc5 Qxd2 26. Re7 Qd1+ 27. Kg2 Qxb3 28. Rxa7 Qd3 29. Re7 Qf5 30. h3 Rd8 31. Qc7 Rc8 32. Qd7 1/2-1/2

[Event "SRB-chT 1st League"]
[Site "Kragujevac"]
[Date "2015.09.06"]
[Round "3.1"]
[White "Gajic, Mladen"]
[Black "Baralic, Nebojsa"]
[Result "1/2-1/2"]
[WhiteElo "2253"]
[BlackElo "2244"]
[PlyCount "80"]
[EventDate "2015.09.05"]
[EventType "team-tourn"]
[EventRounds "11"]
[EventCountry "SRB"]
[SourceTitle "EXT 2016"]
[Source "ChessBase"]
[SourceDate "2015.10.08"]
[SourceVersion "1"]
[SourceVersionDate "2015.10.08"]
[SourceQuality "1"]
[WhiteTeam "Paracin"]
[BlackTeam "Lucani Mladost"]
[WhiteTeamCountry "SRB"]
[BlackTeamCountry "SRB"]

1. e4 c6 2. Nf3 d5 3. exd5 cxd5 4. Ne5 Nf6 5. d4 a6 6. Bd3 Nc6 7. c3 Qb6 8. f4 g6 9. 0-0 Bg7 10. Kh1 0-0 11. Nd2 Bd7 12. Qe2 Qc7 13. Ndf3 e6 14. b3 Rfc8 15. Bd2 Be8 16. g4 Nxe5 17. Nxe5 Nd7 18. Nf3 Qd6 19. Rae1 Nf6 20. Ne5 Nd7 21. Nf3 Nf6 22. Rg1 Bb5 23. c4 dxc4 24. bxc4 Bc6 25. Be3 Qa3 26. Rd1 b5 27. Bc1 Qc3 28. g5 Nh5 29. Rgf1 bxc4 30. Be4 Bd5 31. Bxd5 exd5 32. f5 Re8 33. Qg2 Rad8 34. f6 Bf8 35. Ne5 Re6 36. Rf3 Qa1 37. Qc2 Rxe5 38. Be3 Qxd1+ 39. Qxd1 Re4 40. Kg2 Rde8 1/2-1/2

[Event "SRB-chT 1st League"]
[Site "Kragujevac"]
[Date "2015.09.05"]
[Round "1.1"]
[White "Baralic, Nebojsa"]
[Black "Ilic, Dragan M"]
[Result "1-0"]
[WhiteElo "2244"]
[BlackElo "2354"]
[PlyCount "115"]
[EventDate "2015.09.05"]
[EventType "team-tourn"]
[EventRounds "11"]
[EventCountry "SRB"]
[SourceTitle "EXT 2016"]
[Source "ChessBase"]
[SourceDate "2015.10.08"]
[SourceVersion "1"]
[SourceVersionDate "2015.10.08"]
[SourceQuality "1"]
[WhiteTeam "Lucani Mladost"]
[BlackTeam "Valjevo 2005"]
[WhiteTeamCountry "SRB"]
[BlackTeamCountry "SRB"]

1. c4 e6 2. Nc3 f5 3. d4 Nf6 4. a3 d5 5. Bg5 c6 6. e3 Bd6 7. Nf3 0-0 8. Bd3 Qe8 9. Bf4 Be7 10. Qc2 Ne4 11. Bxe4 fxe4 12. Ne5 Nd7 13. 0-0 Bd6 14. Ng6 Qxg6 15. Bxd6 Rf5 16. c5 Nf6 17. f3 Rxf3 18. Rxf3 exf3 19. Qxg6 f2+ 20. Kxf2 hxg6 21. Kf3 g5 22. e4 dxe4+ 23. Nxe4 g4+ 24. Kf4 Nd5+ 25. Kg3 Bd7 26. Re1 b5 27. Nf2 a5 28. Nxg4 Nf6 29. Ne5 Be8 30. Kh4 Rc8 31. g4 Kh7 32. g5 Nd7 33. g6+ Kh6 34. Nxd7 Bxd7 35. Rg1 e5 36. Rg5 Be8 37. Bxe5 Bxg6 38. Kg4 Rf8 39. Bf4 Kh7 40. d5 cxd5 41. Rxd5 Rf6 42. Be5 Re6 43. Kf4 Be8 44. Rd6 Rg6 45. Rxg6 Kxg6 46. Bc3 Kf7 47. Ke5 Ke7 48. Kd5 g6 49. Bxa5 Bd7 50. c6 Bh3 51. Kc5 Bf1 52. Bc7 Be2 53. b3 Bf1 54. a4 bxa4 55. bxa4 Ke6 56. a5 Be2 57. Bd6 Bf1 58. Bg3 1-0

[Event "SRB-chT2 West"]
[Site "Sabac"]
[Date "2014.09.26"]
[Round "3.5"]
[White "Baralic, Nebojsa"]
[Black "Dikic, Veljko"]
[Result "0-1"]
[WhiteElo "2267"]
[BlackElo "1980"]
[PlyCount "81"]
[EventDate "2014.09.25"]
[EventType "team-swiss"]
[EventRounds "6"]
[EventCountry "SRB"]
[SourceTitle "EXT 2015"]
[Source "ChessBase"]
[SourceDate "2014.11.20"]
[SourceVersion "1"]
[SourceVersionDate "2014.11.20"]
[SourceQuality "1"]

1. c4 e5 2. Nc3 Nc6 3. Nf3 g6 4. g3 Bg7 5. Bg2 d6 6. 0-0 Be6 7. d3 h6 8. Nd5 Qd7 9. Rb1 Nce7 10. e4 c6 11. Nxe7 Nxe7 12. b4 0-0 13. b5 c5 14. Ne1 Bh3 15. Be3 Bxg2 16. Nxg2 f5 17. Qd2 Kh7 18. f4 exf4 19. Nxf4 g5 20. Nd5 Nxd5 21. exd5 Rae8 22. Rbe1 Rxe3 23. Rxe3 Bd4 24. Kg2 Bxe3 25. Qxe3 Re8 26. Qf2 Re5 27. d4 cxd4 28. Qxd4 b6 29. a4 Qe7 30. Qd3 Re2+ 31. Kg1 Qe4 32. Qxe4 Rxe4 33. Rxf5 Kg7 34. Rf1 Rxc4 35. Re1 Rxa4 36. Re6 Ra5 37. Rxd6 Rxb5 38. Kf2 a5 39. Ke3 a4 40. Kd4 a3 41. Kc4 0-1

[Event "Golden Sands Europe op 2nd"]
[Site "Golden Sands"]
[Date "2013.06.10"]
[Round "1"]
[White "Baralic, Nebojsa"]
[Black "Petrosian, Tigran L"]
[Result "0-1"]
[WhiteElo "2259"]
[BlackElo "2649"]
[PlyCount "64"]
[EventDate "2013.06.10"]
[EventType "swiss"]
[EventRounds "9"]
[EventCountry "BUL"]
[SourceTitle "CBM 154 Extra"]
[Source "ChessBase"]
[SourceDate "2013.06.25"]
[SourceVersion "2"]
[SourceVersionDate "2013.06.25"]
[SourceQuality "1"]

1. c4 Nf6 2. Nc3 e5 3. Nf3 Nc6 4. d3 d5 5. cxd5 Nxd5 6. g3 Nb6 7. Bg2 Be7 8. 0-0 g5 9. Be3 g4 10. Nd2 Nd4 11. Rc1 c6 12. Nb3 h5 13. Ne4 h4 14. Nec5 Nf5 15. Bd2 Rb8 16. a4 Nd7 17. Ba5 Nb6 18. Bc3 Qd6 19. Qd2 hxg3 20. fxg3 Nd5 21. e4 Nxc3 22. bxc3 Nh4 23. gxh4 b6 24. d4 bxc5 25. Nxc5 Rxh4 26. Qf2 Rh7 27. Nd3 exd4 28. e5 Qh6 29. Be4 g3 30. hxg3 Bf5 31. Bxc6+ Kf8 32. Nb4 dxc3 0-1

[Event "Belgrade Winter op"]
[Site "Belgrade"]
[Date "2008.01.27"]
[Round "6"]
[White "Baralic, Nebojsa"]
[Black "Koprivica, Cedomir"]
[Result "1-0"]
[WhiteElo "2253"]
[BlackElo "2060"]
[PlyCount "97"]
[EventDate "2008.01.22"]
[EventType "swiss"]
[EventRounds "9"]
[EventCountry "YUG"]
[SourceTitle "CBM 122 Extra"]
[Source "ChessBase"]
[SourceDate "2008.03.04"]
[SourceVersion "1"]
[SourceVersionDate "2008.03.04"]
[SourceQuality "1"]

1. c4 e5 2. Nc3 Nf6 3. Nf3 Nc6 4. g3 Be7 5. Bg2 0-0 6. 0-0 d6 7. d4 exd4 8. Nxd4 Nxd4 9. Qxd4 c6 10. b3 Qc7 11. Rd1 Rd8 12. Bb2 Bf8 13. Ne4 Nxe4 14. Bxe4 f5 15. Bc2 Qf7 16. Rd2 Be6 17. Rad1 c5 18. Qf4 Qh5 19. Qe3 Re8 20. Qc3 Qh6 21. Qf3 Rab8 22. Bxf5 Bxf5 23. Qxf5 Re6 24. Bc1 Re5 25. Qf3 Qe6 26. Bb2 Rf5 27. Qg2 b6 28. e4 Rf7 29. Rd5 Qg6 30. f3 Re8 31. Bc1 Re6 32. h4 h6 33. h5 Qf6 34. Bf4 Be7 35. Qd2 g5 36. hxg6 Qxg6 37. Kf2 Bf8 38. Rh1 Bg7 39. Rh4 Kh7 40. Rg4 Qf6 41. Kg2 Qa1 42. Rh4 Bd4 43. Rh1 Qc3 44. Qxc3 Bxc3 45. Rxd6 Rxd6 46. Bxd6 Bd4 47. f4 Kg6 48. Kf3 Rd7 49. e5 1-0